Geography Number Ones #2 - Statistics

General Stats
  • This quiz has been taken 43 times
  • The average score is 14 of 20
Answer Stats
Category Answer % Correct
Largest Continent Asia
97%
Most Hindus India
97%
Tallest Mountain Mt. Everest
97%
Most Jews Israel
92%
Second Tallest Mountain K2
92%
Country of Above United Arab Emirates
89%
City of Above Dubai
86%
Country with Most Jungle Brazil
84%
Country with most Michelin Stars France
84%
First Country Alphabetically Afghanistan
78%
Deepest Point Challenger Deep
78%
Most Buddhists China
78%
Most Christians United States
78%
Tallest Tower Burj Khalifa
76%
Most Muslims Indonesia
73%
Tallest Mountain in Americas Denali
68%
City with most Michelin Stars Tokyo
41%
Deepest Point on Land Death Valley
24%
Tallest Mountain on USA Contiguous Land Mt. Whitney
19%
Largest Sea Philippine Sea
11%
No matching quizzes found
Score Distribution
Percent of People with Each Score
Percentile by Number Answered
Your Score History
You have not taken this quiz